| 000 | 00641nam a22002177a 4500 | ||
|---|---|---|---|
| 005 | 20170124110035.0 | ||
| 010 | _aA-936299 | ||
| 020 | _c00.00 | ||
| 035 | _aA-936299 | ||
| 037 | _bCen Lib/Ret | ||
| 040 |
_adpl _bEN |
||
| 082 |
_a887 _bSAL |
||
| 100 |
_aSalwi, Dilip M. _922419 |
||
| 245 |
_aNonsense in Indian Science / _cby Dilip M.Salwi |
||
| 260 |
_bKonark Publishers _c1998 _aDelhi |
||
| 270 |
_a115A, Main Vikas Marg _bDelhi _e110092 |
||
| 300 |
_axvi,124p. : _c20cm(Hb) _bill. |
||
| 650 |
_aScience -- India -- Anecdotes. _922420 |
||
| 650 |
_aScience -- India -- Humor. _922421 |
||
| 942 |
_2ddc _cEN _h887 _mSAL |
||
| 999 |
_c128105 _d128105 |
||